Bytový dom

Gespeichert in:
Bibliographische Detailangaben
1. Verfasser: Cinková, Anežka (Verfasst von)
Weitere Verfasser: Funtík, Tomáš (Betreuung Doktorarbeit)
Format: Manuskript Buch
Sprache:Slowakisch
Veröffentlicht: 2018
Schlagworte:
Online-Zugang:http://is.stuba.sk/zp/portal_zp.pl?podrobnosti=124659
https://opac.crzp.sk/?fn=detailBiblioForm&sid=ABCEC5876A40CFC0DA96DC344C66
Tags: Tag hinzufügen
Keine Tags, Fügen Sie das erste Tag hinzu!

MARC

LEADER 00000ntm a22000003a 4500
001 stuzp70553
003 SK-STU
005 20230616084632.2
007 ta
008 150427s2015----xo-----f-mn---000-0-slo-d
040 |a STU  |b slo 
041 0 |a slo 
100 1 |a Cinková, Anežka  |u 010270  |4 aut  |U SvF Stavebná fakulta  |T SvF Katedra technológie stavieb  |X 80993  |U V270  |Y 28  |7 80993 
242 0 1 |a Residential House  |y eng 
245 1 0 |a Bytový dom 
260 |c 2018 
650 4 |a bytový dom  |2 slo 
650 4 |a extenzívna zelená strecha  |2 slo 
650 4 |a časový plán výstavby  |2 slo 
650 4 |a projekt organizácie výstavby  |2 slo 
650 4 |a residential building  |2 eng 
650 4 |a time schedule for construction  |2 eng 
650 4 |a extensive green roof  |2 eng 
650 4 |a project construction organization  |2 eng 
700 1 |a Funtík, Tomáš  |u 010270  |k Z1  |4 ths  |U SvF Stavebná fakulta  |T SvF Katedra technológie stavieb  |X 22617  |U V270  |Y 28  |7 A000022617 
856 4 |u http://is.stuba.sk/zp/portal_zp.pl?podrobnosti=124659 
856 4 |u https://opac.crzp.sk/?fn=detailBiblioForm&sid=ABCEC5876A40CFC0DA96DC344C66